Statistics for Countries With The Longest Railway Networks

Click here to take the quiz!

General Stats

  • This quiz has been taken 37 times
  • The average score is 9 of 10

Answer Stats

Length (km)Country% Correct
48,000 kmCanada
97%
100,000 kmChina
97%
65,000 kmIndia
97%
85,500 kmRussia
97%
40,000 kmAustralia
94%
250,000 kmUnited States of America
94%
28,000 kmBrazil
91%
41,000 kmGermany
91%
29,000 kmFrance
88%
36,000 kmArgentina
82%

Score Distribution

Percentile by Number Answered

Percent of People with Each Score

Your Score History

You have not taken this quiz